| 000 | 00000nam 2200000za 4500 |
| 001 | 9.630844 |
| 003 | CaOODSP |
| 005 | 20210624214038 |
| 007 | cr ||||||||||| |
| 008 | 150407s2003 onc|||||o f|0| 0 fre d |
| 020 | |a0-662-88070-6 |
| 040 | |aCaOODSP|bfre |
| 043 | |an-cn--- |
| 086 | 1 |aRH64-24/2002F-PDF |
| 110 | 1 |aCanada.|bDéveloppement des ressources humaines Canada. |bPolitique stratégique. |
| 245 | 10|aActivités et dépenses relatives au développement de la petite enfance |h[ressource électronique] : |brapport 2001-2002 du gouvernement du Canada / |cpublié conjointement par Santé Canada et Affaires indiennes et du Nord. |
| 260 | |aOttawa : |bDéveloppement des ressources humaines Canada, |c2003. |
| 300 | |a[4], 108 p. : |bill., tableaux. |
| 500 | |aEn tête du titre: Entente fédérale-provinciale-territoriale sur le développement de la petite enfance. |
| 500 | |aCe rapport est co-publié par Santé Canada, Développement des ressources humaines Canada, et Affaires indiennes et du Nord Canada. |
| 590 | |a03-29|b2003-07-18 |
| 710 | 2 |aSanté Canada. |
| 710 | 1 |aCanada. |bAffaires indiennes et du Nord Canada. |
| 775 | 08|tEarly childhood development activities and expenditures |w(CaOODSP)9.686373 |
| 776 | 0#|tEarly childhood development activities and expenditures : |w(CaOODSP)9.664129 |
| 776 | 0#|tActivités et dépenses relatives au développement de la petite enfance : |w(CaOODSP)9.664130 |
| 794 | |tActivités et dépenses relatives au développement de la petite enfance |w(CaOODSP)9.631014 |
| 795 | |tEntente fédérale-provinciale-territoriale sur le développement de la petite enfance |w(CaOODSP)9.640470 |
| 856 | 40|ahttp://publications.gc.ca|qPDF|s1382 Ko|uhttps://publications.gc.ca/collections/Collection/RH64-24-2002F.pdf |